Statistics for Historical Years

Click here to take the quiz!

General Stats

  • This quiz has been taken 17 times
  • The average score is 13 of 23

Answer Stats

EventYear% Correct
Defeat of Napoleon (Waterloo)1815AD
86%
Assassination of Franz Ferdinand1914AD
86%
Signing of Magna Carta1215AD
79%
American Declaration of Independence1776AD
79%
Death of Victoria1901AD
79%
Invasion of Normandy1066AD
71%
Third Reich's Invasion of Russia1941AD
71%
Murder of Julius Caesar44BC
71%
Lauch of Sputnik1957AD
64%
Restoration of the English Monarchy1660AD
57%
Death of Alexander323BC
57%
Alleged founding of Rome by Romulus753BC
57%
Arrival of the Black Death in England1348AD
50%
Battle of Bosworth Field1485AD
50%
Execution of King Charles I1649AD
50%
Glorious Revolution of Will and Mary1688AD
50%
Hitler's Attempted Revolution1923AD
50%
Eruption of Vesuvius79AD
50%
Reign of Lady Jane Grey1553AD
36%
Battle of Carrhae53BC
21%
Year of Four Emperors 69AD
21%
Viking Raid on Lindisfarne793AD
21%
Peasant's Tax Revolt1381AD
14%

Score Distribution

Percentile by Number Answered

Percent of People with Each Score

Your Score History

You have not taken this quiz